[Event "Oberliga Baden 1819"]
[Site "Baden"]
[Date "2019.04.07"]
[Round "9.6"]
[White "Schulz, Vladimir"]
[Black "Schwierskott, Marc"]
[Result "0-1"]
[WhiteElo "2091"]
[BlackElo "2130"]
[PlyCount "62"]
[EventDate "2018.10.21"]
[EventType "team-tourn"]
[EventRounds "9"]
[EventCountry "GER"]
[SourceTitle "EXT 2020"]
[Source "ChessBase"]
[SourceDate "2019.10.17"]
[SourceVersion "1"]
[SourceVersionDate "2019.10.17"]
[SourceQuality "1"]
[WhiteTeam "Baden-Baden III"]
[BlackTeam "Brombach"]
[WhiteTeamCountry "GER"]
[BlackTeamCountry "GER"]

1. e4 d6 2. d4 Nf6 3. Nc3 g6 4. Be3 c6 5. f3 Nbd7 6. Qd2 b5 7. a4 b4 8. Na2 a5 9. c3 bxc3 10. bxc3 Bg7 11. Bd3 0-0 12. Ne2 e5 13. 0-0 Re8 14. dxe5 Nxe5 15. c4 Ba6 16. Nd4 d5 17. exd5 cxd5 18. Nb5 Nxd3 19. Qxd3 dxc4 20. Qxd8 Raxd8 21. Bb6 Rb8 22. Bc7 Rbc8 23. Nac3 Bxb5 24. Nxb5 Nd5 25. Bxa5 Bxa1 26. Rxa1 Re2 27. Nd6 Rc6 28. Ne4 f5 29. Rd1 Rxg2+ 30. Kh1 fxe4 31. Rxd5 exf3 0-1

[Event "Oberliga Baden 1718"]
[Site "Baden"]
[Date "2018.02.04"]
[Round "6.7"]
[White "Schulz, Vladimir"]
[Black "Gross, Willi"]
[Result "1/2-1/2"]
[WhiteElo "2132"]
[BlackElo "2112"]
[PlyCount "58"]
[EventDate "2017.10.08"]
[EventType "team-tourn"]
[EventRounds "9"]
[EventCountry "GER"]
[SourceTitle "EXT 2019"]
[Source "ChessBase"]
[SourceDate "2018.10.10"]
[SourceVersion "1"]
[SourceVersionDate "2018.10.10"]
[SourceQuality "1"]
[WhiteTeam "Baden-Baden III"]
[BlackTeam "Bad Mergentheim"]
[WhiteTeamCountry "GER"]
[BlackTeamCountry "GER"]

1. Nf3 g6 2. d4 Nf6 3. Bf4 Bg7 4. e3 d6 5. Be2 0-0 6. Nbd2 Nbd7 7. h3 b6 8. 0-0 Bb7 9. Bh2 Qe8 10. c4 e5 11. d5 a5 12. b3 Nc5 13. Qc2 Bc8 14. e4 Nh5 15. Rae1 Qd8 16. Kh1 f5 17. Ng1 Nf6 18. Bd3 f4 19. g4 g5 20. f3 h5 21. Rf2 Kf7 22. Be2 Rh8 23. a3 Rh6 24. b4 axb4 25. axb4 Ncd7 26. Nb3 Bf8 27. Rff1 Be7 28. Ra1 Rb8 29. Ra7 Bb7 1/2-1/2

[Event "Lisbon Check Mate op 5th"]
[Site "Lisbon"]
[Date "2017.08.27"]
[Round "3"]
[White "Morais, Vitor Mestre"]
[Black "Schulz, Vladimir"]
[Result "1/2-1/2"]
[WhiteElo "1937"]
[BlackElo "2133"]
[PlyCount "119"]
[EventDate "2017.08.26"]
[EventType "swiss"]
[EventRounds "7"]
[EventCountry "POR"]
[SourceTitle "CBM 180 Extra"]
[Source "ChessBase"]
[SourceDate "2017.10.06"]
[SourceVersion "1"]
[SourceVersionDate "2017.10.06"]
[SourceQuality "1"]

1. b3 d5 2. Bb2 Bg4 3. g3 e6 4. Bg2 Nf6 5. Nf3 Nbd7 6. 0-0 c6 7. d3 Be7 8. Nbd2 0-0 9. h3 Bh5 10. c4 a5 11. a3 Re8 12. g4 Bg6 13. Nh4 Bc5 14. Nxg6 hxg6 15. e4 e5 16. Kh1 dxe4 17. Nxe4 Nxe4 18. dxe4 Nf8 19. f4 exf4 20. Rxf4 Ne6 21. Rf1 Qxd1 22. Raxd1 Rad8 23. Bc3 Rxd1 24. Rxd1 Bxa3 25. Bxa5 Nc5 26. Bb6 Nxe4 27. Bxe4 Rxe4 28. Rd8+ Kh7 29. Rd7 Re7 30. Rd3 f5 31. Kg2 Bb2 32. Kf3 Be5 33. h4 Bf6 34. g5 Bb2 35. Bf2 Re4 36. Rd7 b5 37. cxb5 cxb5 38. Rd5 Rb4 39. Rd3 Be5 40. Kg2 Rf4 41. Rd5 Rg4+ 42. Kf3 Rf4+ 43. Kg2 Re4 44. Rxb5 Bc3 45. Rb7 Kg8 46. Kf3 Rb4 47. Rxb4 Bxb4 48. Ke2 Kf7 49. Kd3 Ke6 50. Kc4 Bd2 51. b4 f4 52. b5 Kf5 53. b6 Ba5 54. Kd3 f3 55. b7 Bc7 56. Ke3 Kg4 57. Ke4 Bb8 58. Be1 Ba7 59. Bf2 Bb8 60. Be1 1/2-1/2

[Event "Oberliga Baden 1516"]
[Site "Baden"]
[Date "2016.03.13"]
[Round "8.6"]
[White "Lang, Alexander"]
[Black "Schulz, Vladimir"]
[Result "0-1"]
[WhiteElo "2053"]
[BlackElo "2164"]
[PlyCount "154"]
[EventDate "2015.09.20"]
[EventType "team-tourn"]
[EventRounds "9"]
[EventCountry "GER"]
[SourceTitle "EXT 2018"]
[Source "ChessBase"]
[SourceDate "2017.10.13"]
[SourceVersion "1"]
[SourceVersionDate "2017.10.13"]
[SourceQuality "1"]
[WhiteTeam "Oberwinden"]
[BlackTeam "Baden-Baden III"]
[WhiteTeamCountry "GER"]
[BlackTeamCountry "GER"]

1. d4 Nf6 2. Bf4 g6 3. e3 Bg7 4. Nf3 c5 5. c3 Qb6 6. Qb3 Nc6 7. Nbd2 d5 8. dxc5 Qxc5 9. Qb5 Nd7 10. Nb3 Qxb5 11. Bxb5 e5 12. Bg3 a6 13. Be2 b5 14. 0-0 Nb6 15. Nc5 f6 16. Nd2 Bf8 17. Ndb3 Nc4 18. Rad1 Ne7 19. Bxc4 bxc4 20. Nd2 Nc6 21. Na4 Rb8 22. e4 Be6 23. f4 d4 24. cxd4 Nxd4 25. Bh4 Be7 26. fxe5 fxe5 27. Bxe7 Kxe7 28. Nc5 Bg4 29. Nf3 Bxf3 30. gxf3 Rxb2 31. Rf2 Rxf2 32. Kxf2 Rf8 33. Kg2 c3 34. Rd3 c2 35. Rc3 Nxf3 36. Nd3 Nd4 37. Nxe5 Rb8 38. Rxc2 Ke6 39. Nc6 Nxc2 40. Nxb8 a5 41. a4 Nb4 42. Kf3 Kd6 43. e5+ Kxe5 44. Nd7+ Kf5 45. Nc5 g5 46. h3 h5 47. Nb7 Nc6 48. Nd6+ Ke6 49. Ne4 Kf5 50. Nd6+ Ke5 51. Nf7+ Kf6 52. Nd6 Ke6 53. Ne4 Ne5+ 54. Ke3 Nc4+ 55. Ke2 Kf5 56. Ng3+ Kg6 57. Ne4 h4 58. Kf3 Kf5 59. Nc5 Ne5+ 60. Kg2 g4 61. hxg4+ Kxg4 62. Kh2 h3 63. Ne4 Nf3+ 64. Kh1 Kf4 65. Nf2 Ng5 66. Kh2 Ke3 67. Nxh3 Ne4 68. Kg2 Nc3 69. Ng5 Nxa4 70. Nf3 Nb2 71. Ne5 a4 72. Nc6 Nd3 73. Kf1 a3 74. Na5 a2 75. Nb3 Nc5 76. Na1 Kd2 77. Kf2 Kc3 0-1

[Event "Verbandsliga Sued Baden 1314"]
[Site "Germany"]
[Date "2014.03.23"]
[Round "8.3"]
[White "Schulz, Vladimir"]
[Black "Ruefenacht, Matthias"]
[Result "0-1"]
[WhiteElo "2143"]
[BlackElo "2319"]
[PlyCount "78"]
[EventDate "2013.10.20"]
[EventType "team-tourn"]
[EventRounds "9"]
[EventCountry "GER"]
[SourceTitle "EXT 2015"]
[Source "ChessBase"]
[SourceDate "2014.11.20"]
[SourceVersion "1"]
[SourceVersionDate "2014.11.20"]
[SourceQuality "1"]
[WhiteTeam "Offenburg"]
[BlackTeam "Brombach"]
[WhiteTeamCountry "GER"]
[BlackTeamCountry "GER"]

1. Nf3 d5 2. d4 Bf5 3. c4 e6 4. Nc3 c6 5. a3 Nf6 6. c5 b6 7. b4 a5 8. Bf4 Be7 9. Bxb8 Qxb8 10. Ne5 Qb7 11. Nxc6 Qxc6 12. e4 Bg4 13. f3 0-0 14. b5 Qc7 15. fxg4 bxc5 16. Rc1 Qf4 17. Ne2 Qxe4 18. dxc5 Rac8 19. Qd4 Bxc5 20. Rxc5 Qxd4 21. Nxd4 Rxc5 22. Nc6 Ne4 23. g3 Rc1+ 24. Ke2 Rb1 25. Ke3 Nc3 26. a4 Ra8 27. Bg2 Rxh1 28. Bxh1 Nxa4 29. Kd4 Kf8 30. Bf3 Ke8 31. Bd1 Nb6 32. Kc5 Nd7+ 33. Kd6 a4 34. Nb4 a3 35. Bb3 Rb8 36. Na6 Rb6+ 37. Kc7 Rxb5 38. Ba4 Rb2 39. Bxd7+ Ke7 0-1

[Event "Verbandsliga Sued Baden 1314"]
[Site "Germany"]
[Date "2014.02.16"]
[Round "6.4"]
[White "Schmidt, Ralf"]
[Black "Schulz, Vladimir"]
[Result "1/2-1/2"]
[WhiteElo "2119"]
[BlackElo "2143"]
[PlyCount "87"]
[EventDate "2013.10.20"]
[EventType "team-tourn"]
[EventRounds "9"]
[EventCountry "GER"]
[SourceTitle "EXT 2015"]
[Source "ChessBase"]
[SourceDate "2014.11.20"]
[SourceVersion "1"]
[SourceVersionDate "2014.11.20"]
[SourceQuality "1"]
[WhiteTeam "Oberwinden"]
[BlackTeam "Offenburg"]
[WhiteTeamCountry "GER"]
[BlackTeamCountry "GER"]

1. e4 c5 2. Nc3 Nc6 3. g3 g6 4. Bg2 Bg7 5. d3 e6 6. Be3 d6 7. Qd2 Nge7 8. Bh6 0-0 9. h4 Bxh6 10. Qxh6 f6 11. Nge2 Rb8 12. Qe3 b5 13. h5 g5 14. h6 b4 15. Nd1 e5 16. c3 bxc3 17. bxc3 Ng6 18. f4 Kh8 19. fxg5 fxg5 20. Nf2 g4 21. 0-0 Qe7 22. Rad1 Rb2 23. Rd2 Rxd2 24. Qxd2 Nd8 25. c4 Nf7 26. Nc3 Ng5 27. Nd5 Qd8 28. Nd1 Rxf1+ 29. Kxf1 Qf8+ 30. Qf2 Qxf2+ 31. Nxf2 Nf7 32. Nf6 Nxh6 33. Ke1 Ne7 34. Bf1 Neg8 35. Nh5 Ne7 36. Be2 Nc6 37. Kd2 Nd4 38. Bd1 Kg8 39. Nf6+ Kf7 40. N6xg4 Nxg4 41. Bxg4 Bxg4 42. Nxg4 Kg6 43. Ne3 Kg5 44. Ke1 1/2-1/2

[Event "Verbandsliga Sued Baden 1213"]
[Site "Baden"]
[Date "2013.01.13"]
[Round "4.2"]
[White "Schmidt, Ralf"]
[Black "Schulz, Vladimir"]
[Result "0-1"]
[WhiteElo "2128"]
[BlackElo "2136"]
[PlyCount "62"]
[EventDate "2012.10.21"]
[EventType "team-tourn"]
[EventRounds "9"]
[EventCountry "GER"]
[SourceTitle "EXT 2014"]
[Source "ChessBase"]
[SourceDate "2013.11.20"]
[SourceVersion "1"]
[SourceVersionDate "2013.11.20"]
[SourceQuality "1"]
[WhiteTeam "Oberwinden"]
[BlackTeam "Offenburg"]
[WhiteTeamCountry "GER"]
[BlackTeamCountry "GER"]

1. e4 c5 2. d3 Nc6 3. g3 g6 4. Bg2 Bg7 5. Nf3 e6 6. 0-0 Nge7 7. Nbd2 d5 8. Re1 0-0 9. h4 e5 10. exd5 Nxd5 11. Nc4 Bg4 12. Bg5 f6 13. Bd2 Nd4 14. c3 Nxf3+ 15. Bxf3 Bxf3 16. Qxf3 b5 17. Ne3 Nb6 18. Rad1 Rc8 19. c4 b4 20. a3 a5 21. h5 f5 22. hxg6 hxg6 23. g4 Rc7 24. gxf5 gxf5 25. Qh5 Qd7 26. axb4 axb4 27. b3 Rc6 28. Qe2 f4 29. Nf1 Rg6+ 30. Kh2 f3 31. Qe4 Rg2+ 0-1

[Event "Verbandsliga Sued Baden 1112"]
[Site "Germany"]
[Date "2012.02.12"]
[Round "6.2"]
[White "Buttenmueller, Thomas"]
[Black "Schulz, Vladimir"]
[Result "0-1"]
[WhiteElo "2156"]
[BlackElo "2154"]
[PlyCount "74"]
[EventDate "2011.10.09"]
[EventType "team-tourn"]
[EventRounds "9"]
[EventCountry "GER"]
[SourceTitle "EXT 2013"]
[Source "ChessBase"]
[SourceDate "2012.11.22"]
[SourceVersion "1"]
[SourceVersionDate "2012.11.22"]
[SourceQuality "1"]
[WhiteTeam "Horben"]
[BlackTeam "Offenburg"]
[WhiteTeamCountry "GER"]
[BlackTeamCountry "GER"]

1. d4 Nf6 2. Nf3 g6 3. Bf4 d6 4. h3 Bg7 5. e3 0-0 6. Be2 c5 7. 0-0 b6 8. Nbd2 Bb7 9. c3 Nbd7 10. a4 a6 11. Qb3 e5 12. Bh2 e4 13. Ne1 d5 14. dxc5 Nxc5 15. Qb4 a5 16. Qa3 Bc6 17. Nb3 Nxa4 18. Nc2 Re8 19. Ncd4 Bd7 20. Nb5 Nc5 21. Nc7 Nd3 22. Bxd3 Bf8 23. Qa2 exd3 24. Rfd1 Ne4 25. Nxe8 Bxh3 26. gxh3 Qg5+ 27. Kf1 Qf5 28. Nf6+ Qxf6 29. Bg1 Qf3 30. Nc1 Qxd1+ 31. Kg2 Rd8 32. Qb3 Qh5 33. Nxd3 Qg5+ 34. Kh1 Qf5 35. Qxb6 Qf3+ 36. Kh2 Bd6+ 37. Nf4 Rb8 0-1

[Event "FRA-chT2 East 0809"]
[Site "France"]
[Date "2009.03.15"]
[Round "9.3"]
[White "Schulz, Vladimir"]
[Black "Pellaton, Bernard"]
[Result "0-1"]
[WhiteElo "2196"]
[BlackElo "2035"]
[PlyCount "70"]
[EventDate "2008.10.19"]
[EventType "team-tourn"]
[EventRounds "11"]
[EventCountry "FRA"]
[SourceTitle "EXT 2010"]
[Source "ChessBase"]
[SourceDate "2010.11.25"]
[SourceVersion "1"]
[SourceVersionDate "2010.11.25"]
[SourceQuality "1"]
[WhiteTeam "Bischwiller II"]
[BlackTeam "Besancon TPG II"]
[WhiteTeamCountry "FRA"]
[BlackTeamCountry "FRA"]

1. Nf3 Nf6 2. d4 e6 3. c4 b6 4. a3 Bb7 5. Nc3 d5 6. cxd5 Nxd5 7. Qc2 Be7 8. e4 Nxc3 9. bxc3 Nd7 10. Bd3 0-0 11. 0-0 c5 12. Bf4 cxd4 13. cxd4 Rc8 14. Qe2 Nf6 15. Rfc1 Rxc1+ 16. Bxc1 Qa8 17. Nd2 Rc8 18. Bb2 Rc7 19. f4 a6 20. g4 Nd7 21. f5 Nf8 22. Rf1 Qd8 23. Bxa6 Bxa6 24. Qxa6 Rc2 25. Nc4 Qc7 26. Rf2 Qxc4 27. Qxc4 Rxc4 28. Rf3 e5 29. dxe5 Rxe4 30. h3 Bc5+ 31. Kf1 Nd7 32. e6 fxe6 33. Rd3 Nf8 34. fxe6 Rxe6 35. Rf3 Re3 0-1